[Event "Eastern Class-ch 9th"]
[Site "USA"]
[Date "2000.??.??"]
[Round "2"]
[White "Smith, Bryan G"]
[Black "Appleman, Harris"]
[Result "1-0"]
[WhiteElo "2270"]
[BlackElo "2060"]
[PlyCount "63"]
[EventDate "2000.??.??"]
[EventType "swiss"]
[EventRounds "5"]
[EventCountry "USA"]
[SourceTitle "EXT 2003"]
[Source "ChessBase"]
[SourceDate "2002.11.25"]
[SourceVersion "1"]
[SourceVersionDate "2002.11.25"]
[SourceQuality "1"]

1. e4 c5 2. Nf3 e6 3. Nc3 d6 4. d4 cxd4 5. Nxd4 Nf6 6. g3 a6 7. Bg2 Qc7 8. 0-0 Nc6 9. Nde2 Be7 10. h3 b5 11. a3 Bb7 12. g4 0-0 13. Ng3 Rac8 14. g5 Nd7 15. Kh1 Nb6 16. f4 Rfd8 17. Nh5 Bf8 18. Qg4 d5 19. exd5 Nxd5 20. Nxd5 exd5 21. f5 Ne5 22. Qg3 d4 23. Bf4 Bxg2+ 24. Qxg2 Bd6 25. Rae1 Nc4 26. g6 fxg6 27. fxg6 hxg6 28. Qxg6 Bxf4 29. Nf6+ Kf8 30. Re4 gxf6 31. Qxf6+ Qf7 32. Qh8+ 1-0